| 000 | 00498nam a2200181Ia 4500 | ||
|---|---|---|---|
| 999 |
_c28104 _d28104 |
||
| 003 | OSt | ||
| 005 | 20201130093118.0 | ||
| 008 | 190216s9999||||xx |||||||||||||| ||und|| | ||
| 020 | _a8171807755 | ||
| 040 | _coclc | ||
| 082 |
_a894.8123 _bAHA/V |
||
| 100 |
_aAhammed, N E I _96999 |
||
| 245 | 0 |
_aVazhithettivanna Pathikar / _cN E I Ahammed |
|
| 260 |
_bPoorna Pubs, _aKozhikode: |
||
| 300 | _a123p | ||
| 650 | _aNovel | ||
| 942 |
_cBK _2ddc _h894.8123 _iAHA/V _k894.8123 _mAHA/V |
||